[Event "Kiel op-A 29th"]
[Site "Kiel"]
[Date "2016.07.31"]
[Round "3"]
[White "Ruetzler, Maximilian"]
[Black "Werner, Rene"]
[Result "0-1"]
[WhiteElo "1691"]
[BlackElo "1885"]
[PlyCount "64"]
[EventDate "2016.07.30"]
[EventType "swiss"]
[EventRounds "9"]
[EventCountry "GER"]
[SourceTitle "CBM 173 Extra"]
[Source "ChessBase"]
[SourceDate "2016.08.29"]
[SourceVersion "1"]
[SourceVersionDate "2016.08.29"]
[SourceQuality "1"]

1. c4 b6 2. d4 e6 3. Nc3 Bb7 4. e4 Bb4 5. Bd3 f5 6. Qc2 Bxc3+ 7. bxc3 Qh4 8. d5 fxe4 9. Bxe4 Nf6 10. Bf3 Qxc4 11. dxe6 Qxe6+ 12. Be3 Nc6 13. Ne2 0-0 14. 0-0 Nd5 15. Bd4 Ba6 16. Rfe1 Rxf3 17. gxf3 Qf7 18. f4 Bxe2 19. Rxe2 Qxf4 20. Qe4 Qg5+ 21. Kh1 Nf6 22. Qf3 Rf8 23. Rg1 Nxd4 24. cxd4 Qh4 25. Qg3 Qxg3 26. Rxg3 Rf7 27. Rge3 Kf8 28. Kg2 g6 29. Re5 c6 30. a4 Nd5 31. R2e3 Nxe3+ 32. fxe3 Re7 0-1

[Event "Kiel op-A 29th"]
[Site "Kiel"]
[Date "2016.07.30"]
[Round "2"]
[White "Rosmait, Emily"]
[Black "Ruetzler, Maximilian"]
[Result "1-0"]
[WhiteElo "1920"]
[BlackElo "1691"]
[PlyCount "71"]
[EventDate "2016.07.30"]
[EventType "swiss"]
[EventRounds "9"]
[EventCountry "GER"]
[SourceTitle "CBM 173 Extra"]
[Source "ChessBase"]
[SourceDate "2016.08.29"]
[SourceVersion "1"]
[SourceVersionDate "2016.08.29"]
[SourceQuality "1"]

1. e4 c5 2. Nf3 d6 3. Bb5+ Bd7 4. Bxd7+ Qxd7 5. 0-0 Nc6 6. Re1 g6 7. d4 cxd4 8. Nxd4 Bg7 9. Be3 Nf6 10. f3 0-0 11. c4 Rfc8 12. b3 Ne8 13. Nc3 Nc7 14. Rc1 Nxd4 15. Bxd4 Bxd4+ 16. Qxd4 e5 17. Qd3 Ne6 18. Nb5 Rc6 19. Red1 a6 20. Nc3 Rac8 21. Nd5 Qd8 22. a4 Nc5 23. Qe3 Ne6 24. Qd2 Nd4 25. Qe3 Ne6 26. Rc3 Nc5 27. Rc2 Ne6 28. Rcd2 a5 29. Nc3 R8c7 30. g3 Kg7 31. Nd5 Rd7 32. Qc3 f6 33. Qe3 Qf8 34. f4 Nc5 35. Rf1 Rc8 36. Nb6 1-0

[Event "Hamburg HSK Christmas op 1st"]
[Site "Hamburg"]
[Date "2015.12.28"]
[Round "5"]
[White "Mueller Glewe, Martin"]
[Black "Ruetzler, Maximilian"]
[Result "1-0"]
[WhiteElo "1810"]
[BlackElo "1480"]
[PlyCount "80"]
[EventDate "2015.12.27"]
[EventType "swiss"]
[EventRounds "7"]
[EventCountry "GER"]
[SourceTitle "EXT 2022"]
[Source "ChessBase"]
[SourceDate "2021.10.06"]
[SourceVersion "1"]
[SourceVersionDate "2021.10.06"]
[SourceQuality "1"]

1. c4 c6 2. g3 d5 3. Bg2 e5 4. Qb3 Nf6 5. d3 h6 6. Nc3 dxc4 7. Qxc4 Be6 8. Qa4 Nbd7 9. Nf3 Qc7 10. 0-0 a5 11. Qc2 Bd6 12. b3 0-0 13. Bb2 Nd5 14. Nxd5 Bxd5 15. e4 Be6 16. d4 f6 17. Rac1 Rac8 18. Rfd1 Bg4 19. Qc4+ Kh8 20. h3 Bh5 21. g4 Bf7 22. Qd3 Rfd8 23. d5 Nc5 24. Qe3 cxd5 25. exd5 Bg6 26. Nd2 Qe7 27. Nc4 Na6 28. Nxa5 Bc5 29. Qe2 Nb4 30. Nc4 e4 31. d6 Bxd6 32. Nxd6 Rxc1 33. Rxc1 Rxd6 34. Ba3 Nd3 35. Rc8+ Kh7 36. Bxd6 Qxd6 37. Bxe4 Qd4 38. Bxg6+ Kxg6 39. Qe8+ Kh7 40. Qe3 Qd7 1-0

[Event "Hamburg HSK Christmas op 1st"]
[Site "Hamburg"]
[Date "2015.12.28"]
[Round "4"]
[White "Ruetzler, Maximilian"]
[Black "Raedisch, Peter"]
[Result "1-0"]
[WhiteElo "1480"]
[BlackElo "1657"]
[PlyCount "99"]
[EventDate "2015.12.27"]
[EventType "swiss"]
[EventRounds "7"]
[EventCountry "GER"]
[SourceTitle "EXT 2022"]
[Source "ChessBase"]
[SourceDate "2021.10.06"]
[SourceVersion "1"]
[SourceVersionDate "2021.10.06"]
[SourceQuality "1"]

1. c4 e5 2. Nc3 Nf6 3. g3 a6 4. Bg2 Bc5 5. e3 c6 6. d4 exd4 7. exd4 Be7 8. d5 d6 9. Nge2 c5 10. 0-0 Nbd7 11. b3 Ne5 12. Bb2 Bf5 13. Qd2 Qa5 14. Rfd1 Qc7 15. Nc1 Qd7 16. N3e2 Bh3 17. Bxe5 dxe5 18. Qg5 Bxg2 19. Kxg2 Qd6 20. Nc3 g6 21. Re1 Nd7 22. Qe3 f5 23. Nd3 e4 24. Nf4 0-0-0 25. Ne6 Bf6 26. Nxd8 Rxd8 27. f3 Bd4 28. Qd2 Qe5 29. Rac1 e3 30. Qd3 f4 31. Ne2 fxg3 32. hxg3 Nf6 33. Nxd4 cxd4 34. Rcd1 Nh5 35. f4 Nxf4+ 36. gxf4 Qxf4 37. Re2 Qg4+ 38. Kh1 Qh3+ 39. Kg1 Rf8 40. Rh2 Qg3+ 41. Rg2 Qh3 42. Qxd4 Kb8 43. Qg4 Qh6 44. Re1 Ka8 45. Rh2 Qg7 46. Qe4 h5 47. Qxe3 Qf6 48. Rf2 Qd6 49. Rxf8+ Qxf8 50. Qe8+ 1-0

[Event "Hamburg HSK Christmas op 1st"]
[Site "Hamburg"]
[Date "2015.12.27"]
[Round "2"]
[White "Ruetzler, Maximilian"]
[Black "Reiner, Oliver"]
[Result "0-1"]
[WhiteElo "1480"]
[BlackElo "1602"]
[PlyCount "86"]
[EventDate "2015.12.27"]
[EventType "swiss"]
[EventRounds "7"]
[EventCountry "GER"]
[SourceTitle "EXT 2022"]
[Source "ChessBase"]
[SourceDate "2021.10.06"]
[SourceVersion "1"]
[SourceVersionDate "2021.10.06"]
[SourceQuality "1"]

1. c4 d6 2. d4 e5 3. dxe5 dxe5 4. Qxd8+ Kxd8 5. Nc3 Bb4 6. Bd2 Be6 7. e3 c6 8. Nf3 f6 9. a3 Be7 10. b4 b6 11. Rd1 Kc7 12. Bd3 Nh6 13. h3 Nd7 14. e4 Nf7 15. Be3 Rhd8 16. 0-0 Nd6 17. Nd2 f5 18. exf5 Nxf5 19. Rfe1 Nxe3 20. Rxe3 g6 21. Nf3 Bf6 22. Ne4 Be7 23. Neg5 Bg8 24. b5 Nc5 25. Be2 Rxd1+ 26. Bxd1 Rd8 27. Be2 Bf6 28. bxc6 Rd6 29. Ne4 Nxe4 30. Rxe4 Rxc6 31. Nxe5 Re6 32. f4 Re7 33. Kf2 h5 34. Kf3 Bh7 35. Re3 g5 36. Bd3 gxf4 37. Kxf4 Bxe5+ 38. Rxe5 Rxe5 39. Bxh7 Ra5 40. g4 hxg4 41. hxg4 Kd7 42. g5 Ke7 43. g6 Kf6 0-1

[Event "GER Cup18 Gr25 email"]
[Site "GER email"]
[Date "2010.??.??"]
[Round "?"]
[White "Reitz, Michael"]
[Black "Ruetzler, Maximilian"]
[Result "1-0"]
[WhiteElo "2038"]
[BlackElo "1640"]
[PlyCount "31"]
[EventDate "2010.11.01"]
[EventType "tourn (corr)"]
[EventRounds "6"]
[EventCountry "GER"]
[SourceTitle "Corr 2015"]
[Source "ChessBase"]
[SourceDate "2015.07.17"]
[SourceVersion "1"]
[SourceVersionDate "2015.07.17"]
[SourceQuality "1"]

1. d4 d5 2. c4 Nf6 3. Nc3 c6 4. Nf3 Bf5 5. cxd5 cxd5 6. Qb3 Qd7 7. Ne5 Qc7 8. Bf4 Nc6 9. e3 Qc8 10. Nb5 a6 11. Nxc6 axb5 12. Ne5 Bd7 13. Nxd7 Nxd7 14. Bxb5 e6 15. 0-0 Qd8 16. Rfc1 1-0